00406ntm a22001697a 450000500170000000800410001704100080005808200180006610000220008424500400010626000150014626000090016130000170017065000150018765000120020265000220021420171213140758.0171213b xxu||||| |||| 00| 0 spa d aspa a398.236 C352f aCastillo, Antonio aLas fiestas populares en Costa Rica aCosta Rica c1993 a64 páginas aCOSTA RICA aFOLCLOR aFIESTAS POPULARES